01377cam a22003375a 450000100090000000300090000900500170001800800410003502000390007604000380011508200200015310000580017324500660023126400500029730000240034733600260037133700280039733800270042549000320045250400520048450501310053665000210066765000450068865000430073365100100077665300390078665500170082594200240084299900170086695201560088315140964EG-ScBUE20230622122402.0080114s2011 nyu f b 001 0 eng d a9780231146241 (cloth : alk. paper) aDLCbengerdacDLCdDLCdEG-ScBUE04a909.07bRIL2221 aRiley-Smith, Jonathan,‏d1938-2016,eauthor.93850314aThe crusades, Christianity and Islam /cJonathan Riley-Smith. 1aNew York :bColumbia University Press,c2011. a125 pages ;c22 cm. 2rdacontentatextbtxt 2rdamediaaunmediatedbn 2rdacarrieravolumebnc0 aBampton lectures in America aIncludes bibliographical references and index. 0 aCrusades as Christian holy wars -- Crusades as Christian penitential wars -- Crusading and imperialism -- Crusading and Islam. 7aCrusades.2BUEsh 7aChristianity and other religions.2BUEsh 7aIslamxRelationsxChristianity.2BUEsh 2BUEsh bBUSBOLcSeptember2015cOctober2015 vReading book 2ddck909.07 RILcBB c20819d20791 00102ddc40708BaccahaMAINbMAINc2NDd2015-09-01ePurchaseg232.00h23317l1m1o909.07 RILp000039553r2025-07-15 00:00:00s2016-02-28v290.00yBB